<?xml version="1.0" encoding="UTF-8"?>
<record
    xmlns:xsi="http://www.w3.org/2001/XMLSchema-instance"
    xsi:schemaLocation="http://www.loc.gov/MARC21/slim http://www.loc.gov/standards/marcxml/schema/MARC21slim.xsd"
    xmlns="http://www.loc.gov/MARC21/slim">

  <leader>01471nam0a2200397 i 4500</leader>
  <controlfield tag="001">RU\NLR\bibl\2084277</controlfield>
  <controlfield tag="005">20241114231116.0</controlfield>
  <datafield tag="010" ind1=" " ind2=" ">
    <subfield code="a">9785976508811</subfield>
    <subfield code="b">&#x424;&#x43B;&#x438;&#x43D;&#x442;&#x430;</subfield>
  </datafield>
  <datafield tag="010" ind1=" " ind2=" ">
    <subfield code="a">978-5-02-037233-7</subfield>
    <subfield code="b">&#x41D;&#x430;&#x443;&#x43A;&#x430;</subfield>
    <subfield code="9">300</subfield>
  </datafield>
  <datafield tag="021" ind1=" " ind2=" ">
    <subfield code="a">RU</subfield>
    <subfield code="b">2013-75446</subfield>
    <subfield code="9">5184</subfield>
  </datafield>
  <datafield tag="035" ind1=" " ind2=" ">
    <subfield code="a">(nilc)RuMoRGB-006666327</subfield>
  </datafield>
  <datafield tag="035" ind1=" " ind2=" ">
    <subfield code="a">(NLR Aleph) 002074416</subfield>
  </datafield>
  <datafield tag="090" ind1=" " ind2=" ">
    <subfield code="a">4789058</subfield>
    <subfield code="c">4789058</subfield>
  </datafield>
  <datafield tag="100" ind1=" " ind2=" ">
    <subfield code="a">20100803d2014    u  y0rusy50      ca</subfield>
  </datafield>
  <datafield tag="101" ind1="0" ind2=" ">
    <subfield code="a">rus</subfield>
    <subfield code="d">eng</subfield>
  </datafield>
  <datafield tag="102" ind1=" " ind2=" ">
    <subfield code="a">RU</subfield>
  </datafield>
  <datafield tag="105" ind1=" " ind2=" ">
    <subfield code="a">abh|g|||001yy</subfield>
  </datafield>
  <datafield tag="200" ind1="1" ind2=" ">
    <subfield code="a">&#x420;&#x443;&#x441;&#x441;&#x43A;&#x43E;&#x435; &#x440;&#x43E;&#x434;&#x441;&#x442;&#x432;&#x43E;</subfield>
    <subfield code="e">&#x43F;&#x440;&#x43E;&#x448;&#x43B;&#x43E;&#x435; &#x438; &#x43D;&#x430;&#x441;&#x442;&#x43E;&#x44F;&#x449;&#x435;&#x435;</subfield>
    <subfield code="f">&#x411;.&#x41D;. &#x41A;&#x430;&#x437;&#x430;&#x447;&#x435;&#x43D;&#x43A;&#x43E;</subfield>
  </datafield>
  <datafield tag="205" ind1=" " ind2=" ">
    <subfield code="a">3-&#x435; &#x438;&#x437;&#x434;., &#x441;&#x442;&#x435;&#x440;.</subfield>
  </datafield>
  <datafield tag="210" ind1=" " ind2=" ">
    <subfield code="a">&#x41C;&#x43E;&#x441;&#x43A;&#x432;&#x430;</subfield>
    <subfield code="c">&#x424;&#x43B;&#x438;&#x43D;&#x442;&#x430;</subfield>
    <subfield code="c">&#x41D;&#x430;&#x443;&#x43A;&#x430;</subfield>
    <subfield code="d">2014</subfield>
    <subfield code="d">[&#x442;.&#x435;. 2013]</subfield>
  </datafield>
  <datafield tag="215" ind1=" " ind2=" ">
    <subfield code="a">301, [1] &#x441;.</subfield>
    <subfield code="c">&#x438;&#x43B;., &#x43A;&#x430;&#x440;&#x442;., &#x444;&#x430;&#x43A;&#x441;.</subfield>
    <subfield code="d">20</subfield>
  </datafield>
  <datafield tag="300" ind1=" " ind2=" ">
    <subfield code="a">&#x420;&#x435;&#x437;. &#x43D;&#x430; &#x430;&#x43D;&#x433;&#x43B;. &#x44F;&#x437;.</subfield>
  </datafield>
  <datafield tag="300" ind1=" " ind2=" ">
    <subfield code="a">&#x41A;&#x43D;. &#x444;&#x430;&#x43A;&#x442;&#x438;&#x447;&#x435;&#x441;&#x43A;&#x438; &#x438;&#x437;&#x434;. &#x432; 2013 &#x433;.</subfield>
  </datafield>
  <datafield tag="320" ind1=" " ind2=" ">
    <subfield code="a">&#x411;&#x438;&#x431;&#x43B;&#x438;&#x43E;&#x433;&#x440;. &#x441;. 290-302</subfield>
  </datafield>
  <datafield tag="606" ind1=" " ind2=" ">
    <subfield code="a">&#x420;&#x443;&#x441;&#x441;&#x43A;&#x438;&#x435;</subfield>
    <subfield code="x">&#x420;&#x43E;&#x434;&#x441;&#x442;&#x432;&#x43E;</subfield>
    <subfield code="x">&#x421;&#x438;&#x441;&#x442;&#x435;&#x43C;&#x44B;</subfield>
    <subfield code="9">2614563</subfield>
    <subfield code="3">RU\NLR\AUTH\661551121</subfield>
  </datafield>
  <datafield tag="686" ind1="1" ind2=" ">
    <subfield code="a">&#x422;3(2)0-2</subfield>
  </datafield>
  <datafield tag="686" ind1="1" ind2=" ">
    <subfield code="a">&#x422;52(2=&#x420;)-5</subfield>
  </datafield>
  <datafield tag="700" ind1=" " ind2="1">
    <subfield code="7">ca</subfield>
    <subfield code="8">rus</subfield>
    <subfield code="a">&#x41A;&#x430;&#x437;&#x430;&#x447;&#x435;&#x43D;&#x43A;&#x43E;</subfield>
    <subfield code="b">&#x411;. &#x41D;.</subfield>
    <subfield code="f">1949-</subfield>
    <subfield code="g">&#x411;&#x43E;&#x440;&#x438;&#x441; &#x41D;&#x438;&#x43A;&#x43E;&#x43B;&#x430;&#x435;&#x432;&#x438;&#x447;</subfield>
    <subfield code="9">186578</subfield>
    <subfield code="3">RU\NLR\AUTH\770186629</subfield>
  </datafield>
  <datafield tag="801" ind1=" " ind2="0">
    <subfield code="a">RU</subfield>
    <subfield code="b">RuMoRKP</subfield>
    <subfield code="c">20100803</subfield>
    <subfield code="g">RCR</subfield>
  </datafield>
  <datafield tag="801" ind1=" " ind2="2">
    <subfield code="a">RU</subfield>
    <subfield code="b">&#x420;&#x413;&#x411;</subfield>
    <subfield code="c">20130918</subfield>
    <subfield code="g">rcr</subfield>
  </datafield>
  <datafield tag="801" ind1=" " ind2="1">
    <subfield code="a">RU</subfield>
    <subfield code="b">RuMoRKP</subfield>
    <subfield code="c">20100803</subfield>
    <subfield code="2">rusmarc</subfield>
  </datafield>
  <datafield tag="801" ind1=" " ind2="2">
    <subfield code="a">RU</subfield>
    <subfield code="b">NLR</subfield>
    <subfield code="c">20131021</subfield>
    <subfield code="g">rcr</subfield>
  </datafield>
  <datafield tag="942" ind1=" " ind2=" ">
    <subfield code="c">BOOK</subfield>
  </datafield>
  <datafield tag="980" ind1=" " ind2=" ">
    <subfield code="a">NBR</subfield>
  </datafield>
</record>
